• 首页
  • 本馆介绍
  • 公告通知
  • 最新文献
  • 馆藏检索
  • 电子资源
  • 读者导购
  • 参考咨询
  • 我的图书馆
  • 登录
  • 详细信息显示
  • 放入我的书架
  • 预约/预借图书
  • 作者相关作品
  • 分类相关作品
  • 丛书相关作品
  • 出版社相关作品

书目信息

  • 表格格式
  • 工作单格式
  • 卡片格式
题名:
高分子材料加工厂设计
    
 
作者: 徐德增 , 郭静 , 冯钠 主编
分册:  
出版信息: 北京   化学工业出版社  2016.5
页数: 275页
开本: 26cm
丛书名:
单 册:
中图分类: TU276.99
科图分类:
主题词: 高分子材料--加工厂--设计--高等学校--教材 , 高分子材料 , 加工厂
电子资源:
ISBN: 978-7-122-00025-5
000 01042nam0 2200289 450
001 0400002817
005 20171021143734.0
010    @a978-7-122-00025-5@dCNY35.00
100    @a20070327d2016 em y0chiy50 ea
101 0  @achi
102    @aCN@b110000
105    @aa z 000yy
106    @ar
200 1  @a高分子材料加工厂设计@9gao fen zi cai liao jia gong chang she ji@f徐德增,郭静,冯钠主编
210    @a北京@c化学工业出版社@d2016.5
215    @a275页@c折图@d26cm
300    @a高等学校教材
330    @a本书介绍了高分子材料成型工厂设计的原则、步骤和方法。内容包括总论篇、化学纤维工厂设计篇、公用工程篇和塑料厂设计篇。主要阐述了化学纤维工厂和塑料厂设计的特点及设计中对相关的公用工程技术,提供了相关的技术数据和范例。
606 0  @a高分子材料@x加工厂@x设计@x高等学校@j教材
606 0  @a高分子材料
606 0  @a加工厂
690    @aTU276.99@v4
701  0 @a徐德增@9xu de zeng@4主编
701  0 @a郭静@9guo jing@4主编
701  0 @a冯钠@9feng na@4主编
801  0 @aCN@b91MARC@c20171021
905    @b1032755-9@dTU276.99@f5@e1153
    
    高分子材料加工厂设计/徐德增,郭静,冯钠主编.-北京:化学工业出版社,2016.5
    275页:折图;26cm
    高等学校教材
    
    ISBN 978-7-122-00025-5:CNY35.00
    本书介绍了高分子材料成型工厂设计的原则、步骤和方法。内容包括总论篇、化学纤维工厂设计篇、公用工程篇和塑料厂设计篇。主要阐述了化学纤维工厂和塑料厂设计的特点及设计中对相关的公用工程技术,提供了相关的技术数据和范例。
●
相关链接 在E读中查询图书 在五车中查询图书 在当当中查询图书 在豆瓣中查询图书


正题名:高分子材料加工厂设计     索取号:TU276.99/1153         预约/预借

序号 登录号 条形码 馆藏地/架位号 状态 备注
1 1032755   210327555   第二样本阅览室/ [索取号:TU276.99/1153] 在馆    
2 1032756   210327564   密集书库-生命科学系/ [索取号:TU276.99/1153] 在馆    
3 1032757   210327573   第三借阅区/ [索取号:TU276.99/1153] 在馆    
4 1032758   210327582   第三借阅区/ [索取号:TU276.99/1153] 在馆    
5 1032759   210327591   第三借阅区/ [索取号:TU276.99/1153] 在馆    
唐山师范学院图书馆 欢迎您!
大连网信软件有限公司© 版权所有